Statistics for Guess the lyrics (#88)

Click here to take the quiz!

General Stats

  • This quiz has been taken 66 times
  • The average score is 124 of 354

Answer Stats

Answer% Correct
I
100%
a
93%
The
93%
in
70%
In
70%
it,
68%
it
68%
is
66%
what?
66%
what
66%
my
64%
Then
59%
But
48%
too
46%
With
41%
with
41%
There's
36%
there's
36%
water
23%
water,
23%
hole
21%
shall
20%
dear
18%
bucket
16%
bucket,
16%
Henry,
16%
Liza?
16%
Liza,
16%
long
16%
long,
16%
mend
16%
wet
14%
dry
13%
dry,
13%
cut
11%
dull,
11%
dull
11%
knife,
11%
knife
11%
sharpen
11%
stone
11%
stone,
11%
straw
11%
straw,
11%
fetch
9%

Score Distribution

Percentile by Number Answered

Percent of People with Each Score

Your Score History

You have not taken this quiz